Statistics for Elements by Symbol Quiz

Click here to take the quiz!

General Stats

  • This quiz has been taken 105,044 times
    (105,001 since last reset)
  • The average score is 19 of 24

Answer Stats

SymbolElement% Correct
HHydrogen
98%
OOxygen
98%
NNitrogen
97%
AuGold
95%
FeIron
94%
HeHelium
91%
KPotassium
91%
LiLithium
88%
CCarbon
87%
AgSilver
86%
SSulfur
86%
CuCopper
85%
UUranium
84%
CaCalcium
84%
NaSodium
83%
PbLead
77%
NeNeon
76%
IIodine
74%
SiSilicon
73%
HgMercury
63%
AsArsenic
56%
SnTin
54%
VVanadium
51%
SbAntimony
33%

Score Distribution

Percentile by Number Answered

Percent of People with Each Score

Your Score History

You have not taken this quiz since the last reset